Устройство для защиты от замыканий на землю обмотки статора генератора

Détails bibliographiques
Collectivité auteur: Томский политехнический университет (ТПУ)
Autres auteurs: Шестакова В. В. Вера Васильевна, Вайнштейн Р. А. Роберт Александрович, Юдин С. М. Святослав Михайлович, Доронин А. В. Александр Викторович
Résumé:опубл. 10.06.09
Изобретение относится к электротехнике и может быть использовано для защиты от замыканий на землю обмотки статора генератора, работающего на сборные шины. Задача изобретения - повышение чувствительности устройства путем исключения зависимости работы устройства от изменения частоты сети и влияния высших гармонических составляющих в токе нулевой последовательности. Сущность изобретения состоит в том, что устройство содержит фильтр тока нулевой последовательности, генератор, преобразователь тока в напряжение, формирователь ортогональных составляющих, датчик линейного напряжения, формирователь приращений, датчик напряжения нулевой последовательности, блок управления, схему сравнения в формирователь ортогональных составляющих введены формирователь опорных сигналов, первый и второй перемножители, причем информационные входы первого и второго перемножителей соединены между собой и подключены к преобразователю тока в напряжение, а три входа формирователя опорных сигналов подключены к трем выходам датчика линейного напряжения.
Langue:russe
Publié:
Sujets:
Accès en ligne:http://www.fips.ru/Archive/PAT/2009FULL/2009.06.10/DOC/RUNWC1/000/000/002/358/369/DOCUMENT.PDF
Format: Électronique Livre
KOHA link:https://koha.lib.tpu.ru/cgi-bin/koha/opac-detail.pl?biblionumber=652782

MARC

LEADER 00000nlm0a2200000 4500
001 652782
005 20260105142152.0
029 1 0 |a RU  |b 2358369  |c Пат.  |d МПК H 02 H 3/16  |d МПК H 02 H 7/06 
035 |a (RuTPU)RU\TPU\network\18121 
035 |a RU\TPU\network\18118 
039 0 |a RU  |b 2008130018/09  |c 20080721 
090 |a 652782 
100 |a 20170126j20091006k y0rusy50 ca 
101 0 |a rus 
102 |a RU 
105 |a a k 000zy 
135 |a drgn ---uucaa 
181 0 |a i  
182 0 |a b 
200 1 |a Устройство для защиты от замыканий на землю обмотки статора генератора  |f В. В. Шестакова [и др.]  |g Томский политехнический университет (ТПУ) 
203 |a Текст  |c электронный 
300 |a опубл. 10.06.09 
330 |a Изобретение относится к электротехнике и может быть использовано для защиты от замыканий на землю обмотки статора генератора, работающего на сборные шины. Задача изобретения - повышение чувствительности устройства путем исключения зависимости работы устройства от изменения частоты сети и влияния высших гармонических составляющих в токе нулевой последовательности. Сущность изобретения состоит в том, что устройство содержит фильтр тока нулевой последовательности, генератор, преобразователь тока в напряжение, формирователь ортогональных составляющих, датчик линейного напряжения, формирователь приращений, датчик напряжения нулевой последовательности, блок управления, схему сравнения в формирователь ортогональных составляющих введены формирователь опорных сигналов, первый и второй перемножители, причем информационные входы первого и второго перемножителей соединены между собой и подключены к преобразователю тока в напряжение, а три входа формирователя опорных сигналов подключены к трем выходам датчика линейного напряжения. 
610 1 |a патенты 
610 1 |a труды учёных ТПУ 
610 1 |a электронный ресурс 
610 1 |a изобретения 
610 1 |a защита генераторов 
610 1 |a обмотки статоров 
610 1 |a замыкания на землю 
610 1 |a чувствительность 
701 1 |a Шестакова  |b В. В.  |c специалист в области электротехники  |c доцент Томского политехнического университета, кандидат технических наук  |f 1968-  |g Вера Васильевна  |3 (RuTPU)RU\TPU\pers\26814  |9 12439 
701 1 |a Вайнштейн  |b Р. А.  |c специалист в области электроэнергетики  |c профессор Томского политехнического университета, доктор технических наук  |f 1937-  |g Роберт Александрович  |3 (RuTPU)RU\TPU\pers\26489  |9 12191 
701 1 |a Юдин  |b С. М.  |c специалист в области электротехники  |c доцент Томского политехнического университета, кандидат технических наук  |f 1949-  |g Святослав Михайлович  |3 (RuTPU)RU\TPU\pers\29520  |9 14059 
701 1 |a Доронин  |b А. В.  |c специалист в области электроэнергетики  |c старший преподаватель Томского политехнического университета  |g Александр Викторович  |3 (RuTPU)RU\TPU\pers\31656  |9 15793 
712 0 2 |a Томский политехнический университет (ТПУ)  |c (1991-2009)  |3 (RuTPU)RU\TPU\col\376 
801 1 |a RU  |b 63413507  |c 20120201 
801 2 |a RU  |b 63413507  |c 20170126  |g RCR 
856 4 |u http://www.fips.ru/Archive/PAT/2009FULL/2009.06.10/DOC/RUNWC1/000/000/002/358/369/DOCUMENT.PDF 
942 |c CF